| 000 | 00421nam a2200145Ia 4500 | ||
|---|---|---|---|
| 008 | 230312s9999||||xx |||||||||||||| ||und|| | ||
| 020 | _a9781118255940 | ||
| 082 |
_a720.284 _bWIN-A |
||
| 100 | _aPlaisant | ||
| 245 | 0 | _aDesigning the user interface : strategies for effective human-computer-interaction | |
| 260 |
_bWiley _aCanada _c2012 |
||
| 300 | _a1029 | ||
| 650 |
_aArchitecture _vArchitectural drawing |
||
| 942 | _cBK | ||
| 999 |
_c17292 _d17292 |
||